Cities with "car" in their names - Statistics

General Stats
  • This quiz has been taken 20 times
  • The average score is 4 of 20
Answer Stats
Area City % Correct
South America Caracas
83%
UK Cardiff
72%
Nevada Carson City
61%
South America Cartagena
50%
Spain Cartagena
50%
England Carlisle
28%
South America Bucaramanga
11%
New Mexico & S. California Carlsbad
11%
Puerto Rico Carolina
11%
Haiti Carrefour
11%
England Redcar
11%
England Scarborough
11%
North Carolina Cary
6%
Brazil Carapicuiba
0%
California Carmel
0%
Dominican Republic Los Alcarrizos
0%
Italy Pescara
0%
Mexico Playa del Carmen
0%
Philippines San Carlos
0%
Guatemala San Pedro Carchá
0%
No matching quizzes found
Score Distribution
Percent of People with Each Score
Percentile by Number Answered
Your Score History
You have not taken this quiz